UEFA Nations League 2024: Group Winners - Statistics

General Stats
  • This quiz has been taken 32 times
  • The average score is 10 of 14
Answer Stats
Answer % Correct
A4 Spain
93%
A2 France
90%
A1 Portugal
90%
B2 England
86%
A3 Germany
79%
C1 Sweden
79%
D1 San Marino
72%
B3 Norway
69%
B4 Wales
69%
B1 Czech Republic
62%
C2 Romania
62%
D2 Moldova
55%
C4 North Macedonia
52%
C3 Northern Ireland
38%
No matching quizzes found
Score Distribution
Percent of People with Each Score
Percentile by Number Answered
Your Score History
You have not taken this quiz